| 000 | 00596nam a2200169 a 4500 | ||
|---|---|---|---|
| 001 | 5609 | ||
| 003 | CDMR | ||
| 005 | 20131125175509.0 | ||
| 008 | 130130s1958||||||||||||||||||||||||||||d | ||
| 040 |
_aCDMR _bcat _cCDMR |
||
| 245 | 0 |
_aTextos legales _b: Prensa _ctextos recopilados por Eduardo Martínez de Salinas y Mendoza |
|
| 260 |
_aMadrid _c1958 _bMinisterio de Información y Turismo |
||
| 650 | 0 | 4 |
_94383 _aPremsa _xDret i legislació _zEspanya |
| 700 | 1 |
_94385 _aMartínez de Salinas y Mendoza, Eduardo _4comp. |
|
| 710 | 1 |
_94357 _aEspanya _b -- Ministerio de Información y Turismo |
|
| 942 |
_cMON _2udc |
||
| 999 |
_c5609 _d5609 |
||